<?xml version="1.0" encoding="UTF-8"?>
<record
    xmlns:xsi="http://www.w3.org/2001/XMLSchema-instance"
    xsi:schemaLocation="http://www.loc.gov/MARC21/slim http://www.loc.gov/standards/marcxml/schema/MARC21slim.xsd"
    xmlns="http://www.loc.gov/MARC21/slim">

  <leader>02130cam a2200289Ia 4500</leader>
  <controlfield tag="001">4205821</controlfield>
  <controlfield tag="005">20210414114411.0</controlfield>
  <controlfield tag="008">031113s2003    gh        bv  001 0 eng d</controlfield>
  <datafield tag="020" ind1=" " ind2=" ">
    <subfield code="a">9964722354</subfield>
  </datafield>
  <datafield tag="035" ind1=" " ind2=" ">
    <subfield code="a">(NNC)4205821</subfield>
  </datafield>
  <datafield tag="035" ind1=" " ind2=" ">
    <subfield code="a">(OCoLC)ocm53832574</subfield>
  </datafield>
  <datafield tag="040" ind1=" " ind2=" ">
    <subfield code="a">GZL</subfield>
    <subfield code="c">GZL</subfield>
    <subfield code="d">OCLCQ</subfield>
  </datafield>
  <datafield tag="043" ind1=" " ind2=" ">
    <subfield code="a">fb-----</subfield>
  </datafield>
  <datafield tag="050" ind1=" " ind2=" ">
    <subfield code="a">AF/KQC145.W64.B68</subfield>
  </datafield>
  <datafield tag="090" ind1=" " ind2=" ">
    <subfield code="a">KQC145.W64</subfield>
    <subfield code="b">B68</subfield>
  </datafield>
  <datafield tag="245" ind1="0" ind2="0">
    <subfield code="a">Women and law in sub-Saharan Africa. /</subfield>
    <subfield code="c">Cynthia Grant Bowman and Akua Kuenyehia.</subfield>
  </datafield>
  <datafield tag="260" ind1=" " ind2=" ">
    <subfield code="a">Accra, Ghana :</subfield>
    <subfield code="b">Sedco,</subfield>
    <subfield code="c">2003.</subfield>
  </datafield>
  <datafield tag="300" ind1=" " ind2=" ">
    <subfield code="a">xix, 652 p.:</subfield>
    <subfield code="c">24 cm.</subfield>
  </datafield>
  <datafield tag="504" ind1=" " ind2=" ">
    <subfield code="a">Includes bibliographical references and index.</subfield>
  </datafield>
  <datafield tag="505" ind1=" " ind2=" ">
    <subfield code="a">Contents: Family Law: Marriage: Customary Marriage/ Statutory Marriage -- Islamic Marriage -- Age of Marriage -- Polygamy -- Conflicts with constitutional or international -- Divorce: Grounds for divorce -- Matrimonial property and distribution of property -- Child custody -- Support of children after divorce -- Legal treatment of Cohabitation -- Text-note: Procedures and courts -- Women and Access to land -- Women and Inheritance Law: Issues raised by Multiple Wives -- Attempts at Law reform -- Women and reproduction: Introduction -- Reproductive decision- making -- Abortion -- HIV/AIDS and women in Africa -- Pregnancy and childbirth -- Infertility -- Sexual Violence against women: Rape -- Sexual Abuse of Children -- Commercial sexual exploitation of children and sex trafficking of women and girls -- Female circumcision/ Genital mutilation: Domestic Violence: Overview -- "Causes" of Domestic Violence -- Femicide -- Legal Remedies: Employment discrimination: Agricultural employment -- Non- Agricultural employment -- Women's work -- Prostitution -- Sexual Harassment in the workplace --Affirmative Action -- Women and Politics: Under representation and discrimination -- Electoral systems and affirmative action.</subfield>
    <subfield code="g">`</subfield>
  </datafield>
  <datafield tag="650" ind1=" " ind2="0">
    <subfield code="a">Women</subfield>
    <subfield code="x">Legal status, laws, etc.</subfield>
    <subfield code="z">Africa, Sub-Saharan.</subfield>
  </datafield>
  <datafield tag="650" ind1=" " ind2="0">
    <subfield code="a">Women</subfield>
    <subfield code="x">Legal status, laws, etc.</subfield>
    <subfield code="z">Africa, Sub-Saharan</subfield>
    <subfield code="v">Cases.</subfield>
  </datafield>
  <datafield tag="700" ind1="1" ind2=" ">
    <subfield code="a">Bowman, Cynthia Grant,</subfield>
    <subfield code="d">1945-</subfield>
  </datafield>
  <datafield tag="700" ind1="1" ind2=" ">
    <subfield code="a">Kuenyehia, Akua.</subfield>
  </datafield>
  <datafield tag="942" ind1=" " ind2=" ">
    <subfield code="2">lcc</subfield>
    <subfield code="c">BK</subfield>
  </datafield>
  <datafield tag="999" ind1=" " ind2=" ">
    <subfield code="c">4919</subfield>
    <subfield code="d">12419</subfield>
  </datafield>
  <datafield tag="952" ind1=" " ind2=" ">
    <subfield code="0">0</subfield>
    <subfield code="1">0</subfield>
    <subfield code="2">lcc</subfield>
    <subfield code="4">0</subfield>
    <subfield code="7">0</subfield>
    <subfield code="a">WIUC-1</subfield>
    <subfield code="b">WIUC-1</subfield>
    <subfield code="c">LL</subfield>
    <subfield code="d">2014-09-17</subfield>
    <subfield code="l">0</subfield>
    <subfield code="o">AF/KQC145.W64.B68</subfield>
    <subfield code="p">44/13</subfield>
    <subfield code="r">2014-09-17 00:00:00</subfield>
    <subfield code="t">1</subfield>
    <subfield code="w">2014-09-17</subfield>
    <subfield code="y">BK</subfield>
  </datafield>
  <datafield tag="952" ind1=" " ind2=" ">
    <subfield code="0">0</subfield>
    <subfield code="1">0</subfield>
    <subfield code="2">lcc</subfield>
    <subfield code="4">0</subfield>
    <subfield code="7">0</subfield>
    <subfield code="a">WIUC-1</subfield>
    <subfield code="b">WIUC-1</subfield>
    <subfield code="c">LL</subfield>
    <subfield code="d">2014-09-17</subfield>
    <subfield code="l">0</subfield>
    <subfield code="o">AF/KQC145.W64.B681</subfield>
    <subfield code="p">45/13</subfield>
    <subfield code="r">2014-09-17 00:00:00</subfield>
    <subfield code="t">2</subfield>
    <subfield code="w">2014-09-17</subfield>
    <subfield code="y">BK</subfield>
  </datafield>
  <datafield tag="952" ind1=" " ind2=" ">
    <subfield code="0">0</subfield>
    <subfield code="1">0</subfield>
    <subfield code="2">lcc</subfield>
    <subfield code="4">0</subfield>
    <subfield code="7">0</subfield>
    <subfield code="a">WIUC-1</subfield>
    <subfield code="b">WIUC-1</subfield>
    <subfield code="c">LL</subfield>
    <subfield code="d">2014-09-17</subfield>
    <subfield code="l">0</subfield>
    <subfield code="o">AF/KQC145.W64.B682</subfield>
    <subfield code="p">46/13</subfield>
    <subfield code="r">2014-09-17 00:00:00</subfield>
    <subfield code="t">3</subfield>
    <subfield code="w">2014-09-17</subfield>
    <subfield code="y">BK</subfield>
  </datafield>
</record>
